Geography Quiz

Random Geography or City Quiz

Illuminated Countries Quiz Stats

 Plays Quiz Updated Jul 14, 2016

Challenge
Share
Tweet
Score 0/20 Timer 05:00
6 Plays Today
% Correct
Australia - Vivid Sydney, A Festival of Light
98.8%
Russia - Moscow Light Festival
92.4%
United States - The Empire State Building lit up for Christmas in New York City
89.7%
Brazil - Christ the Redeemer lit in German colors after 2014 World Cup Final
89.1%
Mexico - Light Show in Chichén Itzá
87.4%
United Kingdom - Architectural lighting of Tower Bridge in London
85.1%
Japan - Obon Festival
84.6%
Germany - Light installation at Brandenburg Gate
81.2%
Canada - Niagara Falls Winter Festival of Lights
80.4%
Netherlands - Amsterdam Light Festival
67.9%
% Correct
France - The Festival of Lights in Lyon
65.6%
South Africa - Table Mountain lights up for Nelson Mandela
56.7%
South Korea - Jinju Namgang Yudeung (Lantern) Festival
54%
China - Lantern Festival
49.8%
United Arab Emirates - Sharjah Light Festival
43.8%
India - Diwali in Golden Temple Amritsar in Punjab
32%
Czechia - Signal Festival in Prague
23.4%
Finland - Lux Helsinki
7.6%
Denmark - The Nimb Hotel at Tivoli Gardens in Copenhagen
7.1%
Belgium - Ghent Light festival
6.4%

You're not logged in!

Compare scores with friends on all Sporcle quizzes.
Join for Free
OR
Log In

You Might Also Like...

Show Comments

Extras

Top Quizzes Today


Score Distribution

Your Account Isn't Verified!

In order to create a playlist on Sporcle, you need to verify the email address you used during registration. Go to your Sporcle Settings to finish the process.

Report this User

Report this user for behavior that violates our Community Guidelines.

Details: